| 000 | 00567nam a22002057a 4500 | ||
|---|---|---|---|
| 001 | 22155 | ||
| 005 | 20260330105004.0 | ||
| 008 | 260330b |||||||| |||| 00| 0 spa d | ||
| 041 | _aESP | ||
| 082 |
_a346.2 _bM26 |
||
| 100 | _aMartínez de Aguirre Aldaz, José Gabriel | ||
| 245 |
_aEl matrimonio invertebrado : _bevolución y crítica de la legislación matrimonial en España (1981-2011) |
||
| 260 |
_a : _b , _c2012 |
||
| 300 |
_a122 páginas : _b ; _c20 cm. |
||
| 440 | _a ; | ||
| 650 | _aCIS | ||
| 654 | _aCHU | ||
| 700 | _a; | ||
| 942 |
_cLIB _dJUS _fJUS _2ddc |
||
| 999 |
_c22155 _d22155 |
||